00911cam a22002773a 450000100060000000300060000600500170001200800410002904000150007004200070008505000070009210000210009924501050012026000290022550600300025451600200028465300330030465300360033765300400037365300290041365300350044265300480047765300370052583000290056285600420059129593PGUSA20140828083635.0090803s2009||||xxu|||||s|||||000 1 eng d aPGUSAbeng adc 4aPZ1 aBarrow, Sarah L.10aRed, White, Blue Socks, Part First :bBeing the First Bookh[electronic resource] /cSarah L. Barrow bProject Gutenberg,c2009 aPublic domain in the USA. aElectronic text aSoldiers -- Juvenile fiction aImagination -- Juvenile fiction aConduct of life -- Juvenile fiction aPlay -- Juvenile fiction aFriendship -- Juvenile fiction aBoys -- Conduct of life -- Juvenile fiction aRole playing -- Juvenile fiction 0aProject Gutenbergv2959340uhttp://www.gutenberg.org/ebooks/29593